Statistics for Every Spider-Man Villain Who's Appeared in Film

Click here to take the quiz!

General Stats

  • This quiz has been taken 37 times
  • The average score is 18 of 21

Answer Stats

Answer% Correct
Green Goblin
100%
Green Goblin
100%
Green Goblin
100%
Sand Man
100%
Venom
100%
Mysterio
97%
Electro
93%
Doctor Octopus
90%
Doctor Octopus
90%
Kingpin
90%
The Lizard
90%
The Vulture
90%
Rhino
87%
Scorpion
80%
The Prowler
80%
The Shocker
77%
The Shocker
77%
The Spot
73%
Tombstone
60%
Hydro Man
50%
Molten Man
40%

Score Distribution

Percentile by Number Answered

Percent of People with Each Score

Your Score History

You have not taken this quiz